| 000 | 01023nam a2200313Ia 4500 | ||
|---|---|---|---|
| 001 | Para_1488 | ||
| 003 | CHAP | ||
| 008 | 220125s2000 xx 000 0 und d | ||
| 010 | _a198730 | ||
| 040 | _cCHAP | ||
| 082 | _aPA 632 L5 | ||
| 100 |
_aLlácer, G., ed. _9164027 |
||
| 245 |
_aPatología vegetal / _c ed. por G. Llácer [y otros) |
||
| 250 | _a2a. | ||
| 260 |
_aMéxico, D.F. : _b Mundiprensa |
||
| 300 | _av. | ||
| 503 | _aI.240613 (t.1, ej.3) (t.2, ej.2) \ I.234772 (t.1, ej.3) (t.2, ej.2) \ I.234773 (t.2, ej.4) (t.1, ej.4) | ||
| 505 | _aContenido: t.1 introducción, virología, micoplasmología y bacteriología-- t. 2. micología, plantas parásitas, nematología | ||
| 650 |
_aBacteriología agrícola _99337 |
||
| 650 |
_aFitopatología _941161 |
||
| 650 |
_aNemátodos parásitos de plantas _980835 |
||
| 901 | _aPA 632 L5 | ||
| 902 | _aM | ||
| 905 | _a0000002000 adi 0000000000 00 | ||
| 910 | _a2000 | ||
| 942 | _cPARA | ||
| 942 |
_cPARA _d1 |
||
| 999 |
_c198730 _d198730 |
||